<?xml version="1.0" encoding="UTF-8"?>
<collection xmlns="http://www.loc.gov/MARC21/slim">
 <record>
  <leader>02026nam a2200277 a 4500</leader>
  <controlfield tag="001">1/45427</controlfield>
  <controlfield tag="008">140828s2000    us            001 0 eng  </controlfield>
  <datafield tag="020" ind1=" " ind2=" ">
   <subfield code="a">9781928994091</subfield>
  </datafield>
  <datafield tag="020" ind1=" " ind2=" ">
   <subfield code="a">1928994091</subfield>
  </datafield>
  <datafield tag="035" ind1=" " ind2=" ">
   <subfield code="l">48387</subfield>
  </datafield>
  <datafield tag="040" ind1=" " ind2=" ">
   <subfield code="a">OPELS</subfield>
   <subfield code="b">eng</subfield>
   <subfield code="c">OPELS</subfield>
   <subfield code="d">OCLCQ</subfield>
   <subfield code="d">OCLCF</subfield>
   <subfield code="d">GR-PeUP</subfield>
  </datafield>
  <datafield tag="245" ind1="0" ind2="0">
   <subfield code="a">Windows 2000 server</subfield>
   <subfield code="h">[electronic resource] :</subfield>
   <subfield code="b">system administration handbook.</subfield>
  </datafield>
  <datafield tag="246" ind1="3" ind2=" ">
   <subfield code="a">Windows two-thousand server</subfield>
  </datafield>
  <datafield tag="246" ind1="3" ind2="0">
   <subfield code="a">System administration handbook</subfield>
  </datafield>
  <datafield tag="260" ind1=" " ind2=" ">
   <subfield code="a">Rockland, Mass. :</subfield>
   <subfield code="b">Syngress Media,</subfield>
   <subfield code="c">c2000.</subfield>
  </datafield>
  <datafield tag="300" ind1=" " ind2=" ">
   <subfield code="a">1 online resource (xxiv, 802 p.) :</subfield>
   <subfield code="b">ill.</subfield>
  </datafield>
  <datafield tag="520" ind1=" " ind2=" ">
   <subfield code="a">Many organizations and network administrators are looking for information on Windows 2000 and its new features. IT professionals responsible for installing, configuring, and managing Microsoft products will be highly motivated to migrate to this new technology, based on its promise of reducing administrative overhead. Windows 2000 Server System Administration Handbook will help NT4 professionals to administer and support the Windows 2000 Server operating system. NT administrators will be able to differentiate the features and technology changes from Windows NT 4.0 to Windows 2000. In the handbook, readers will find a complete overview of the product, catered to their needs. * This book coincides with the launch of Windows 2000 Server, the host system for the product. * Includes the following: * Detailed coverage of Active Directory, Microsoft Management Console, and new Windows 2000 hardware support * Implementing new Windows 2000 security options * Upgrading a network to Windows 2000.</subfield>
  </datafield>
  <datafield tag="500" ind1=" " ind2=" ">
   <subfield code="a">Includes index.</subfield>
  </datafield>
  <datafield tag="630" ind1="0" ind2="0">
   <subfield code="a">Microsoft Windows server.</subfield>
  </datafield>
  <datafield tag="650" ind1=" " ind2="4">
   <subfield code="a">Operating systems (Computers).</subfield>
  </datafield>
  <datafield tag="655" ind1=" " ind2="4">
   <subfield code="a">Electronic books.</subfield>
  </datafield>
  <datafield tag="710" ind1="2" ind2=" ">
   <subfield code="a">Syngress Media, Inc.</subfield>
  </datafield>
  <datafield tag="852" ind1=" " ind2=" ">
   <subfield code="a">INST</subfield>
   <subfield code="b">UNIPILB</subfield>
   <subfield code="c">EBOOKS</subfield>
   <subfield code="e">20140828</subfield>
   <subfield code="p">00b48387</subfield>
   <subfield code="q">00b48387</subfield>
   <subfield code="t">ONLINE</subfield>
   <subfield code="y">0</subfield>
  </datafield>
  <datafield tag="856" ind1="4" ind2="0">
   <subfield code="3">ScienceDirect</subfield>
   <subfield code="u">http://www.sciencedirect.com/science/book/9781928994091</subfield>
  </datafield>
  <datafield tag="856" ind1="4" ind2=" ">
   <subfield code="d">/webopac/covers/03/48387_9781928994091.jpg</subfield>
  </datafield>
  <datafield tag="856" ind1="4" ind2=" ">
   <subfield code="d">/webopac/covers/03/48387_1928994091.jpg</subfield>
  </datafield>
 </record>
</collection>
